000 00296nam a22001337a 4500
008 180925b xxu||||| |||| 00| 0 eng d
020 _a9780742557055
041 _aeng
080 _a941
100 _a16
101 _aHIS
245 _aPlagues In World History
_cAberth.J
942 _2udc
_cBK
999 _c48457
_d48457